Eurowizja - TOP 3 (2015-2026) - Statystyki

Ogólne statystyki
  • Ten quiz został rozwiązany 55 razy
  • Średni wynik to 57 z 99
Statystyki odpowiedzi
Rok Miejsce Zwycięzca % Poprawnych
2018 1 Izrael
100%
2023 3 Izrael
100%
2025 2 Izrael
100%
2026 2 Izrael
100%
2015 1 Szwecja
98%
2023 1 Szwecja
98%
2018 3 Austria
95%
2025 1 Austria
95%
2017 2 Bułgaria
95%
2026 1 Bułgaria
95%
2017 1 Portugalia
95%
2023 2 Finlandia
93%
2016 1 Ukraina
93%
2022 1 Ukraina
93%
2024 3 Ukraina
93%
2021 2 Francja
91%
2019 1 Holandia
91%
2022 2 Wielka Brytania
91%
2026 3 Rumunia
89%
2021 3 Szwajcaria
89%
2024 1 Szwajcaria
89%
2015 3 Włochy
89%
2019 2 Włochy
89%
2021 1 Włochy
89%
2024 2 Chorwacja
84%
2022 3 Hiszpania
82%
2025 3 Estonia
80%
2015 2 Rosja
77%
2016 3 Rosja
77%
2019 3 Rosja
77%
2026 1 Bangaranga
75%
2016 2 Australia
73%
2026 1 DARA
73%
2021 1 Måneskin
73%
2023 1 Loreen
70%
2023 1 Tattoo
68%
2024 1 Nemo
66%
2018 1 Toy
66%
2019 1 Arcade
64%
2025 1 JJ
64%
2023 2 Cha Cha Cha
61%
2018 2 Cypr
61%
2015 1 Heroes
61%
2022 1 Stefania
61%
2016 1 Jamala
59%
2018 1 Netta
59%
2016 1 1944
57%
2026 2 Michelle
57%
2023 3 Unicorn
57%
2026 3 Choke Me
55%
2024 1 The Code
55%
2025 1 Wasted Love
55%
2023 2 Käärijä
52%
2025 3 Tommy Cash
52%
2015 1 Måns Zelmerlöw
50%
2017 3 Mołdawia
50%
2021 2 Voilà
50%
2024 2 Baby Lasagna
48%
2022 1 Kalush Orchestra
48%
2022 2 Space Man
48%
2021 1 Zitti e buoni
48%
2019 1 Duncan Laurence
45%
2019 2 Soldi
45%
2026 3 Alexandra Căpitănescu
43%
2021 2 Barbara Pravi
43%
2018 2 Fuego
43%
2024 2 Rim Tim Tagi Dim
43%
2022 3 SloMo
43%
2024 3 alyona alyona, Jerry Heil
41%
2025 2 New Day Will Rise
41%
2026 2 Noam Be'ttan
41%
2017 1 Salvador Sobral
41%
2017 3 Hey, Mamma!
39%
2023 3 Noa Kirel
39%
2024 3 Teresa & Maria
39%
2022 3 Chanel
36%
2025 3 Espresso Macchiato
36%
2016 2 Dami Im
34%
2022 2 Sam Ryder
32%
2017 2 Beautiful Mess
30%
2025 2 Juwal Rafael
30%
2019 2 Mahmood
30%
2016 2 Sound Of Silence
30%
2021 3 Gjon’s Tears
27%
2017 2 Kristian Kostow
27%
2015 2 A Million Voices
25%
2019 3 Scream
25%
2018 3 Cesár Sampson
23%
2015 3 Il Volo
23%
2016 3 Siergiej Łazariew
23%
2019 3 Siergiej Łazariew
23%
2016 3 You Are the Only One
23%
2018 2 Eleni Foureira
20%
2017 3 SunStroke Project
20%
2021 3 Tout l’univers
20%
2018 3 Nobody But You
18%
2017 1 Amar pelos dois
16%
2015 2 Polina Gagarina
16%
2015 3 Grande Amore
11%
Nie znaleziono quizów pasujących do podanych kryteriów
Rozkład punktacji
Procent ludzi z każdym wynikiem
Percentyl według liczby udzielonych odpowiedzi
Twoja historia wyników
Nie rozwiązałeś tego quizu